Diario de Documentos del Gobierno.
Uloženo v:
| Korporativní autor: | |
|---|---|
| Médium: | Seriál |
| Jazyk: | angličtina |
| Vydáno: |
Santiago, Chile:
Imprenta Nacional; Imprenta de la Biblioteca,
1825-1826.
|
| Témata: | |
| Tagy: |
Přidat tag
Žádné tagy, Buďte první, kdo vytvoří štítek k tomuto záznamu!
|
MARC
| LEADER | 00000nas a22000007a 4500 | ||
|---|---|---|---|
| 003 | CL-VaPUC | ||
| 005 | 20230914125050.0 | ||
| 008 | 230914t1826 ||||| |||| 00| 0 eng d | ||
| 999 | |c 441796 |d 441794 | ||
| 040 | |c Pontificia Universidad Católica de Valparaíso | ||
| 082 | |2 22 |a 320.983 DEP 1825 | ||
| 082 | |2 22 |a 320.983 DEP 1826 | ||
| 110 | |9 884641 |a Departamento del Interior. |b Gobierno de Chile. | ||
| 245 | |a Diario de Documentos del Gobierno. | ||
| 260 | |a Santiago, Chile: |b Imprenta Nacional; |b Imprenta de la Biblioteca, |c 1825-1826. | ||
| 310 | |a Diaria. | ||
| 583 | |c 20230914 |k Yessy Sthefany Diaz Vidal | ||
| 650 | 0 | |9 255151 |a Política y gobierno |v Publicaciones periódicas |y 1825-1826 |z Chile | |
| 650 | 0 | |9 390114 |a Chile |v Publicaciones oficiales |x Asambleas y cabildos de gobierno |y Siglo 19 | |
| 866 | |a No. 1 (18 oct. 1825) - no. 83 (4 abr. 1826). |z Sólo formato impreso. | ||
| 942 | |2 ddc |c BK |n 1 | ||
| 952 | |0 0 |1 0 |2 ddc |4 0 |6 320_983000000000000_DIA_18251826 |7 0 |8 X |9 591575 |a FDOBUD |b FDOBUD |d 2023-09-14 |i 4965620 |o 320.983 DIA 1825-1826 |p 4965620 |r 2023-09-14 |t 1 |w 2023-09-14 |y BK_X |k BUD | ||